Maritain, religion, and education (Record no. 29844)
[ view plain ]
| 000 -LEADER | |
|---|---|
| fixed length control field | 01367nam a2200337Ia 4500 |
| 082 04 - DEWEY DECIMAL CLASSIFICATION NUMBER | |
| Classification number | 370.1/2 |
| 100 1# - MAIN ENTRY--AUTHOR NAME | |
| Personal name | Ibarra, Luz M., |
| 245 10 - TITLE STATEMENT | |
| Title | Maritain, religion, and education |
| 260 ## - PUBLICATION, DISTRIBUTION, ETC. (IMPRINT) | |
| Place of publication | New York : |
| Name of publisher | P. Lang, |
| Year of publication | c2013. |
| 300 ## - PHYSICAL DESCRIPTION | |
| Number of Pages | ix, 211 p. |
| 490 0# - SERIES STATEMENT | |
| Series statement | American university studies. VII, Theology and religion, |
| 650 #0 - SUBJECT ADDED ENTRY--TOPICAL TERM | |
| Topical Term | Education |
| Topical Term | Religious education |
| 856 40 - ELECTRONIC LOCATION AND ACCESS | |
| Uniform Resource Identifier | http://site.ebrary.com/lib/rucke/Doc?id=10643989 |
No items available.
